000 00294nam a22001337a 4500
008 171101b xxu||||| |||| 00| 0 eng d
020 _a0135795575
041 _aeng
080 _a339
100 _a59
101 _aTRE
245 _aMEXICO AND THE UNITED STATES
_cBRIDE,R,H
942 _2udc
_cBK
999 _c37074
_d37074